| 000 | 00461cam a2200181ua 4500 | ||
|---|---|---|---|
| 020 | _c36.00 | ||
| 041 |
_aeng _h |
||
| 082 |
_a592.05 _bCAR/IN |
||
| 100 | _aCarthy, J D . | ||
| 245 |
_aIntroduction to the behaviour of invertebrates / _cJ D Carthy. _hTextual Documents |
||
| 250 |
_a1 / _b. |
||
| 260 |
_aLondon : _bGeorge Allen & Unwin Ltd , _c1958. |
||
| 300 | _a380 ; . | ||
| 365 | _a36.00 | ||
| 504 | _a | ||
| 942 | _cBK | ||
| 999 |
_c10848 _d10848 |
||